00772nam a2200145 450000500170000000800410001702000180005805000250007610000390010124501470014026001140028730000370040165000960043865000920053420220328131804.0220328b ||||| |||| 00| 0 eng d a978607503182804aHB942.N54 bA74 20161 aArenas Hernández, Tomás Dimas.10aEl poder de la fecundidad de las mujeres : breconstrucción de familias de Nieves, Zacatecas (1861-1950)c/ Tomás Dimas Arenas Hernández aDurango, Durango, México : bUJED Editorial : UJED, IIH, Universidad Juárez del Estado de Durango,c2016. a128 p. : bil. : map. ; c28 cm. 72Lemb aFertilidad Humana xHistoria ySiglo XIX-XXzNieves, Zacatecas, Zacatecas, México  72Lemb aReconstitución familiarySiglo XIX-XXzNieves, Zacatecas, Zacatecas, México